[Event "Tourn. n8548"]
[Site "www.chess-mail.com"]
[Date "2016.02.04"]
[Round "1"]
[White "Duff"]
[Black "Falcoale"]
[WhiteElo "1740"]
[BlackElo "1720"]
[Result "1-0"]
[Round "1"]
1.e4 c5
2.Ng1f3 e6
3.d4 cxd4
4.Nf3xd4 Ng8f6
5.Nb1c3 a6
6.Bc1e3 Bf8b4
7.Bf1d3 O-O
8.O-O Nb8c6
9.Nd4xc6 bxc6
10.a3 Bb4xc3
11.bxc3 Bc8b7
12.Be3g5 h6
13.Bg5h4 g5
14.Bh4g3 d5
15.exd5 cxd5
16.Bg3e5 Nf6e4
17.Qd1h5 Kh7
18.f3 f6
19.Be5d4 f5
20.fxe4 dxe4
21.Bd3c4 e5
22.Bd4xe5 Qd8e7
23.Be5d4 Bb7c6
24.Qh5e2 Rf8c8
25.Bc4xa6 Rc8f8
26.Ba6c4  { time }
1-0

[Event "Tourn. n8500"]
[Site "www.chess-mail.com"]
[Date "2016.02.04"]
[Round "1"]
[White "Falcoale"]
[Black "Caspito"]
[WhiteElo "1880"]
[BlackElo "1770"]
[Result "0-1"]
[Round "1"]
1.e4 e5
2.Ng1f3 Nb8c6
3.d4 exd4
4.Nf3xd4 Bf8c5
5.c3 Qd8f6
6.Bc1e3 Bc5xd4
7.Be3xd4 Nc6xd4
8.cxd4 d6
9.Bf1c4 Ng8e7
10.O-O O-O
11.Nb1c3 Qf6g6
12.Bc4d3 Qg6g5
13.f4 Qg5h6
14.Rf1f3 Bc8g4
15.Nc3b5 Bg4xf3
16.Qd1xf3 c6
17.Nb5c3 Ne7g6
18.Nc3e2 Ra8e8
19.g3 a6
20.b3 b5
21.Ra1c1 Ng6e7
22.Kg2 Re8c8
23.b4 d5
24.exd5 Ne7xd5
25.a3 Rf8e8
26.Bd3e4 Nd5b6
27.Be4xc6 Rc8xc6
28.Rc1xc6 Re8xe2
29.Qf3xe2 Qh6xc6
30.Kg1 h6
31.Qe2d3 Qc6c1
32.Kg2 Nb6d5
33.Qd3e4 Nd5e3
34.Kh3 Qc1f1
35.Kh4 Ne3g2
36.Kg4 h5
37.Kxh5 Qf1d1
38.Kg5 f6
39.Kf5 Qd1h5
40.Ke6 Qh5e8
41.Kd5 { time. }
0-1

[Event "Tourn. n8500"]
[Site "www.chess-mail.com"]
[Date "2016.02.04"]
[Round "1"]
[White "Falcoale"]
[Black "Piekki"]
[WhiteElo "1880"]
[BlackElo "1770"]
[Result "0-1"]
[Round "1"]
1.e4 e5
2.Ng1f3 Nb8c6
3.Bf1c4 Bf8c5
4.O-O Ng8f6
5.d3 h6
6.a3 d6
7.h3 Bc8e6
8.Bc4a2 Qd8d7
9.Nb1c3 a6
10.Rf1e1 O-O
11.Nf3h2 g5
12.Nc3e2 d5
13.exd5 Nf6xd5
14.c4 Nd5e7
15.b4 Bc5a7
16.Bc1b2 Ne7f5
17.Nh2f3 f6
18.Ne2g3 Nf5xg3
19.c5 Be6xa2
20.fxg3 Ba2e6
21.d4 exd4
22.Nf3xd4 Nc6xd4
23.Qd1xd4 Qd7xd4
24.Bb2xd4 Ra8e8
25.Kh2 c6
26.Re1f1 f5
27.Bd4g1 Ba7b8
 { time }
0-1

[Event "Tourn. n8538"]
[Site "www.chess-mail.com"]
[Date "2016.02.04"]
[Round "1"]
[White "Falcoale"]
[Black "Duff"]
[WhiteElo "1730"]
[BlackElo "1740"]
[Result "0-1"]
[Round "1"]
1.e4 e5
2.Ng1f3 Nb8c6
3.Bf1c4 Bf8c5
4.a3 Ng8f6
5.d3 d6
6.Bc1g5 Bc8g4
7.h3 Bg4h5
8.g4 Bh5g6
9.Nb1c3 h6
10.Bg5h4 Bg6h7
11.Nc3d5 g5
12.Bh4g3 Nf6xd5
13.Bc4xd5 Qd8d7
14.c3 O-O-O
15.Qd1a4 Nc6e7
16.Bd5xf7 Qd7xa4
17.b3 Qa4xb3
18.Bf7xb3 Ne7g6
19.O-O Rh8f8
20.Nf3d2 Ng6f4
21.Bg3xf4 Rf8xf4
22.a4 Rd8f8
23.a5 Bc5xf2
24.Kg2 Bf2e3
25.Nd2f3 Bh7g6
26.Ra1b1 h5
27.Bb3d5 c6
28.Bd5e6 Kc7
29.Rb1d1 Rf8f6
 { time }
0-1

[Event "Tourn. n8562"]
[Site "www.chess-mail.com"]
[Date "2016.02.04"]
[Round "1"]
[White "Powerchess"]
[Black "Falcoale"]
[WhiteElo "1480"]
[BlackElo "1700"]
[Result "1-0"]
[Round "1"]
1.c4 c5
2.Nb1c3 Ng8f6
3.g3 e6
4.Bf1g2 Bf8e7
5.Ng1f3 O-O
6.d4 cxd4
7.Nf3xd4 a6
8.O-O Nb8c6
9.e4 Be7b4
10.Nd4xc6 bxc6
11.Qd1c2 Bc8b7
12.Bc1g5 h6
13.Bg5xf6 Qd8xf6
14.Ra1c1  { time }
1-0

[Event "Tourn. n8521"]
[Site "www.chess-mail.com"]
[Date "2016.02.04"]
[Round "1"]
[White "Genius7"]
[Black "Alvarin111"]
[WhiteElo "2090"]
[BlackElo "1980"]
[Result "1-0"]
[Round "1"]
1.b3 e5
2.Bc1b2 d6
3.e4 Nb8c6
4.Ng1f3 Bc8g4
5.Bf1e2 Bg4xf3
6.Be2xf3 Nc6d4
7.O-O c5
8.c3 Nd4xf3
9.Qd1xf3 Ng8f6
10.d4 Qd8c7
11.dxc5 Qc7xc5
12.c4 Bf8e7
13.Nb1c3 a6
14.Nc3d5 b5
15.Nd5xe7 Kxe7
16.cxb5 Qc5xb5
17.Ra1c1 Rh8c8
18.Qf3f5 Rc8c5
19.Rc1xc5  { time }
1-0

[Event "Match"]
[Site "www.echecsemail.com"]
[Date "2016.02.04"]
[Round "1"]
[White "Chtoubidou"]
[Black "Leeds"]
[WhiteElo "1880"]
[BlackElo "1720"]
[Result "1/2-1/2"]
[Round "1"]
1.d4 d5
2.c4 dxc4
3.e3 e5
4.Bf1xc4 exd4
5.exd4 Bf8b4
6.Nb1c3 Qd8e7
7.Qd1e2 Qe7xe2
8.Ng1xe2 Ng8f6
9.O-O O-O
10.Bc1g5 Nb8d7
11.Ne2g3 h6
12.Bg5xf6 Nd7xf6
13.Rf1e1 Bb4xc3
14.bxc3 c6
15.Re1e7 Nf6d5
16.Bc4xd5 cxd5
17.Ra1b1 b6
18.Rb1e1 Bc8e6
19.f4 g6
20.Re7c7 Rf8c8
21.Rc7xc8 Ra8xc8
22.Re1e3 Kg7
23.Kf2 Kf6
24.Ng3e2 Be6g4
25.Ne2g3 Bg4e6
{ draw }
1/2-1/2

[Event "Match"]
[Site "www.echecsemail.com"]
[Date "2016.02.04"]
[Round "1"]
[White "Ztornad"]
[Black "Llord"]
[WhiteElo "1730"]
[BlackElo "1830"]
[Result "0-1"]
[Round "1"]
1.d4 d5
2.g3 Nb8c6
3.Bf1g2 Ng8f6
4.Ng1f3 e6
5.Nf3e5 Nc6xe5
6.dxe5 Nf6d7
7.h4 Nd7xe5
8.f3 Bf8c5
9.Nb1d2 O-O
10.Nd2b3 Bc5b6
11.Bc1f4 Ne5c4
12.Ra1b1 Nc4e3
13.Bf4xe3 Bb6xe3
14.Qd1d3 d4
15.Nb3a5 e5
16.Rb1d1 b6
17.Na5c6 Qd8d7
18.Nc6xe5 Qd7e6
19.Ne5c4 Bc8a6
20.b3 b5
21.Nc4xe3 dxe3
22.O-O b4
23.c4 g6
24.Qd3d7 Qe6xd7
25.Rd1xd7 c5
26.f4 Ra8d8
27.Rd7xa7 Ba6c8
28.a4 Bc8g4
29.Rf1e1 Rd8d2
30.Ra7e7 Bg4xe2
31.Re7xe3 Be2g4
32.Re3e5 Rf8c8
33.Re5e8 Rc8xe8
34.Re1xe8 Kg7
35.Re8e5 Rd2b2
36.Re5xc5 Rb2xb3
37.Kf2 Bg4e6
38.Bg2d5 Rb3b2
39.Kf3 b3
40.f5 Be6xf5
41.a5 Rb2c2
42.g4 b2
43.Rc5b5 Rc2c3
44.Kf4 b1Q
45.Rb5xb1 Bf5xb1
46.a6 Rc3a3
47.Bd5b7 Bb1d3
48.c5 Bd3xa6
49.Bb7g2 Ra3a4
50.Kg3 Ra4c4
51.c6 Ba6b5
52.h5 Bb5xc6
53.Bg2f1 Rc4c3
54.Kh2 gxh5
55.gxh5 Kh6
56.Bf1a6 Kxh5
57.Ba6c8 Kh4
58.Kg1 Kg3
59.Bc8a6 h5
60.Kf1 h4
61.Ke1 h3
62.Kd2 Rc3a3
63.Ba6c4 h2
64.Bc4xf7 h1Q
{ resign }
0-1

[Event "Match"]
[Site "www.echecsemail.com"]
[Date "2016.02.04"]
[Round "1"]
[White "Pablincho"]
[Black "Prize64"]
[WhiteElo "1830"]
[BlackElo "1799"]
[Result "0-1"]
[Round "1"]
1.e4 c5
2.Bf1c4 e6
3.Nb1c3 Nb8c6
4.Ng1f3 a6
5.O-O Qd8c7
6.d4 cxd4
7.Nf3xd4 Ng8f6
8.f4 Nc6xd4
9.e5 Qc7xc4
10.exf6 gxf6
11.Nc3e4 Nd4e2
 { time }
0-1

[Event "Match"]
[Site "www.echecsemail.com"]
[Date "2016.02.04"]
[Round "1"]
[White "Biggles"]
[Black "Wagner"]
[WhiteElo "1499"]
[BlackElo "1720"]
[Result "1-0"]
[Round "1"]
1.e4 e5
2.Ng1f3 d6
3.d4 f6
4.Bf1c4 Ng8e7
5.dxe5 Bc8g4
6.O-O fxe5
7.Nf3xe5 Qd8c8
8.Ne5xg4 Ne7g6
9.Nb1c3 a6
10.Qd1d5 Kd7
11.Qd5e6 Kd8
12.Qe6f7 Qc8xg4
13.Bc4e6 Ng6e5
14.Be6xg4 Ne5xf7
15.Nc3d5 h6
16.f4 Nb8c6
17.Bg4e6 g5
18.Be6xf7 Rh8h7
19.Bf7h5 Kd7
20.Nd5f6 { resign }
1-0

[Event "Match"]
[Site "www.echecsemail.com"]
[Date "2016.02.04"]
[Round "1"]
[White "Heiserman"]
[Black "Goofy"]
[WhiteElo "2110"]
[BlackElo "2220"]
[Result "1-0"]
[Round "1"]
1.d4 e6
2.c4 Bf8b4
3.Nb1c3 Ng8f6
4.Qd1c2 Nb8c6
5.Ng1f3 d6
6.e3 O-O
7.Bf1d3 e5
8.O-O Bb4xc3
9.bxc3 Rf8e8
10.Nf3d2 Nc6e7
11.c5 Ne7g6
12.cxd6 cxd6
13.Rf1e1 b6
14.Bc1a3 d5
15.Ra1c1 e4
16.Bd3f1 Bc8b7
17.Qc2a4 a6
18.c4 dxc4
19.Qa4xc4 b5
20.Qc4c7 Bb7d5
21.Qc7xd8 Re8xd8
22.Nd2b3 Ra8c8
23.Nb3c5 Rc8c6
24.Ba3b4 Nf6d7
25.a4 Nd7xc5
26.axb5 axb5
27.Bb4xc5 Rd8b8
28.Rc1b1 b4
29.Rb1xb4 Rb8xb4
30.Bc5xb4 f5
31.g3 Kf7
32.Bb4c5 Ng6f8
33.Re1a1 Nf8e6
34.Bc5b4 Rc6b6
35.Ra1a7 Kg6
36.Bb4e7 Rb6b7
37.Ra7xb7 Bd5xb7
38.Be7d6 Bb7d5
39.h3 Ne6g5
40.Bd6b4 Ng5f3
41.Kg2 Kf7
42.g4 f4
43.exf4 Nf3xd4
44.Kg3 g6
45.Bb4c3 Nd4f3
46.f5 g5
47.Bf1e2 Nf3h4
48.Be2b5 Nh4f3
49.Bb5a6 Nf3h4
50.Kh2 Nh4f3
51.Kg2 Nf3d2
52.Kg1 Nd2f3
53.Kf1 Ke7
54.Ke2 Nf3g1
55.Ke3 Ng1xh3
56.Bc3e5 Nh3g1
57.Kd4 Bd5a8
58.f6 Kd7
59.Ba6b5 Ke6
60.Bb5c4 Kd7
61.f7 { resign }
1-0

[Event "Match"]
[Site "www.echecsemail.com"]
[Date "2016.02.04"]
[Round "1"]
[White "Osvalazo"]
[Black "Olddog55"]
[WhiteElo "1349"]
[BlackElo "1600"]
[Result "1-0"]
[Round "1"]
1.e4 e5
2.Bf1c4 Qd8f6
3.Nb1c3 Bf8c5
4.Ng1f3 Ng8e7
5.d3 h6
6.O-O d6
7.Bc1e3 Bc5xe3
8.fxe3 O-O
9.Nf3d4 Qf6g5
10.Nd4b5 Qg5xe3
11.Kh1 Qe3c5
12.Qd1h5 Bc8e6
13.Nc3a4 Qc5b4
14.Na4c3 Nb8a6
15.Nc3d1 Be6xc4
16.dxc4 Qb4xc4
17.Nd1e3 Qc4xb5
18.Qh5h4 f6
19.b3 Ne7g6
20.Qh4g4 Ng6f4
21.c4 Qb5c5
22.Ne3f5 Rf8f7
23.Nf5xh6 Kf8
24.Nh6xf7 Kxf7
25.Qg4d7 Kg8
26.g3 Nf4e2
27.Qd7g4 Ne2c3
28.Rf1xf6 Qc5d4
29.Qg4e6 { resign }
1-0

[Event "Match"]
[Site "www.echecsemail.com"]
[Date "2016.02.04"]
[Round "1"]
[White "Luzhin"]
[Black "Liencam2"]
[WhiteElo "2230"]
[BlackElo "2350"]
[Result "1/2-1/2"]
[Round "1"]
1.e4 c5
2.Ng1f3 e6
3.c3 d5
4.exd5 exd5
5.Bf1b5 Nb8c6
6.d4 Bf8d6
7.dxc5 Qd8e7
8.Bc1e3 Bd6xc5
9.Qd1xd5 Bc5xe3
10.Bb5xc6 Kf8
11.fxe3 Qe7xe3
12.Kd1 Qe3e7
13.Bc6a4 Ng8f6
14.Qd5e5 Bc8e6
15.Rh1e1 Ra8d8
16.Nb1d2 Nf6g4
17.Qe5g3 Qe7c5
18.Re1xe6 Ng4e3
19.Re6xe3 Qc5xe3
20.Qg3h4 f6
21.Qh4c4 g6
22.Qc4b4 Kg7
23.Kc2 Qe3d3
24.Kb3 Rh8f8
25.Ra1e1 Rf8f7
26.Re1e7 Qd3d5
27.Kc2 Qd5d3
28.Kb3 Qd3d5
29.Kc2 Qd5d3
30.Kb3 Qd3d5
31.Kc2 Qd5d3
{ draw }
1/2-1/2

[Event "1/64 Finale"]
[Site "www.chess-mail.com"]
[Date "2016.02.04"]
[Round "1"]
[White "Genius9"]
[Black "Odin"]
[WhiteElo "1790"]
[BlackElo "1820"]
[Result "1-0"]
[Round "1"]
1.c4 Ng8f6
2.d4 e6
3.Nb1c3 d5
4.cxd5 exd5
5.Bc1g5 Nb8d7
6.e3 c6
7.Bf1d3 Bf8d6
8.Ng1f3 O-O
9.O-O h6
10.Bg5h4 Rf8e8
11.Rf1e1 Qd8c7
12.Bh4g3 Bd6xg3
13.hxg3 Nf6e4
14.Ra1c1 Nd7f6
15.Bd3xe4 Nf6xe4
16.Nc3xd5 Qc7d6
17.Nd5c3 Ne4xg3
18.fxg3 Qd6xg3
19.Qd1d2 Bc8g4
20.Qd2f2 Qg3d6
21.Nf3e5 Bg4e6
22.a3 b6
23.Re1f1 f6
24.Ne5f3 Be6c4
25.Rf1e1 Re8e7
26.e4 Qd6f4
27.Rc1d1 Ra8e8
28.Qf2e3 Qf4g4
29.Qe3f2 b5
30.e5 Bc4d5
31.Nc3xd5 cxd5
32.exf6 Re7xe1
33.Rd1xe1 Re8xe1
34.Qf2xe1 gxf6
35.Qe1h4 Qg4g6
36.Qh4e1 a6
37.Qe1e6 Kh7
38.Qe6d7 Kh8
39.Qd7xd5 Qg6b1
40.Kh2 Qb1g6
41.Qd5d8 Kh7
42.Qd8e7 Kh8
43.Qe7f8 Kh7
44.Qf8e7 Kh8
45.Qe7f8 Kh7
46.Qf8e7 Kh8
47.d5 Qg6h5
48.Kg1 Qh5xd5
49.Qe7xf6 Kh7
50.Nf3e5 Qd5d1
51.Kf2 Qd1d4
52.Kg3 Qd4e3
53.Kh2 Qe3c5
54.Qf6g6 { resign }
1-0

[Event "1/128 Finale"]
[Site "www.chess-mail.com"]
[Date "2016.02.04"]
[Round "1"]
[White "Gearoidmac"]
[Black "Cardiff"]
[WhiteElo "1809"]
[BlackElo "1940"]
[Result "1-0"]
[Round "1"]
1.e4 g6
2.d4 Bf8g7
3.Nb1c3 d6
4.Bc1e3 c6
5.Qd1d2 Ng8f6
6.O-O-O b5
7.Bf1d3 Qd8a5
8.Ng1f3 Bc8g4
9.e5 dxe5
10.dxe5 Nf6d7
11.e6 Bg4xe6
12.Be3d4 Nd7f6
13.a3 O-O
14.Nf3g5 Be6d7
15.h4 b4
16.Nc3b1 c5
17.Bd4xf6 Bg7xf6
18.Ng5xh7 Rf8c8
19.Nh7xf6 exf6
20.Qd2h6 f5
21.h5 { resign }
1-0

[Event "1/128 Finale"]
[Site "www.chess-mail.com"]
[Date "2016.02.04"]
[Round "1"]
[White "Vinvangogh"]
[Black "Gunnar"]
[WhiteElo "1570"]
[BlackElo "1450"]
[Result "0-1"]
[Round "1"]
1.e4 c5
2.Bf1b5 a6
3.Bb5a4 b5
4.Ba4b3 c4
5.Bb3xc4 bxc4
6.Ng1h3 d6
7.c3 Ng8f6
8.O-O Bc8xh3
9.Qd1a4 Bh3d7
10.Qa4xc4 g6
11.d4 Bf8g7
12.e5 dxe5
13.dxe5 Bd7b5
14.Qc4b3 Nf6e4
15.a4 Bb5xf1
16.Kxf1 O-O
17.e6 f5
18.Nb1a3 Nb8c6
19.Qb3b7 Qd8c8
20.Qb7b3 Ra8b8
21.Qb3c4 Nc6e5
22.Qc4xc8 Rf8xc8
23.Bc1f4 Rb8xb2
24.c4 Rb2xf2
25.Ke1 Ne5d3
26.Kd1 Ne4c3
{ resign }
0-1

[Event "1/8 Finale"]
[Site "www.chess-mail.com"]
[Date "2016.02.04"]
[Round "1"]
[White "Fjpv"]
[Black "Hwj"]
[WhiteElo "2730"]
[BlackElo "2840"]
[Result "1/2-1/2"]
[Round "1"]
1.e4 c5
2.c3 Ng8f6
3.e5 Nf6d5
4.d4 cxd4
5.cxd4 d6
6.Ng1f3 Nb8c6
7.Bf1c4 dxe5
8.dxe5 Nd5b4
9.O-O Qd8xd1
10.Rf1xd1 Bc8g4
11.Bc4b3 Bg4xf3
12.gxf3 Nc6xe5
13.Nb1c3 a6
14.Nc3d5 Nb4xd5
15.Bb3xd5 Ne5c6
16.Bd5xc6 bxc6
17.Bc1e3 Ra8d8
18.Rd1c1 Rd8d6
19.Rc1c4 g6
20.Rc4a4 Bf8g7
21.Ra4xa6 Bg7xb2
22.Ra1b1 Bb2f6
23.a4 O-O
24.a5 Bf6d4
25.Be3xd4 Rd6xd4
26.Kg2 Rd4a4
27.Rb1b7 Rf8d8
28.Rb7xe7 Rd8d5
29.Ra6a8 Kg7
30.a6 Rd5g5
31.Kf1 Ra4a1
{ draw }
1/2-1/2

[Event "1/128 Finale"]
[Site "www.chess-mail.com"]
[Date "2016.02.04"]
[Round "1"]
[White "Rindrandria"]
[Black "Paul30"]
[WhiteElo "1600"]
[BlackElo "1499"]
[Result "0-1"]
[Round "1"]
1.e4 e6
2.Ng1h3 d5
3.Qd1f3 dxe4
4.Qf3xe4 Ng8f6
5.Bf1b5 c6
6.Bb5xc6 Nb8xc6
7.Qe4c4 Bf8e7
8.O-O O-O
9.d3 e5
10.Qc4h4 Nc6d4
11.Nb1a3 Nd4f5
12.Qh4c4 Bc8e6
13.Qc4b5 Be7xa3
14.bxa3 Nf5d4
15.Qb5xe5 Nd4xc2
16.Ra1b1 Rf8e8
17.Qe5g3 Nc2d4
18.Rb1xb7 Nd4e2
{ resign }
0-1

[Event "Eq:chibcha-Equipo Juan Diaz : "]
[Site "www.chess-mail.com"]
[Date "2016.02.04"]
[Round "1"]
[White "Paes19"]
[Black "Astigitana"]
[WhiteElo "2090"]
[BlackElo "2410"]
[Result "0-1"]
[Round "1"]
1.e4 c5
2.Ng1f3 d6
3.c4 Ng8f6
4.Nb1c3 e6
5.d3 Bf8e7
6.e5 dxe5
7.Nf3xe5 O-O
8.h3 a6
9.Bf1e2 Qd8c7
 { time }
0-1

[Event "Eq:Royal chess-La Taverne : "]
[Site "www.chess-mail.com"]
[Date "2016.02.04"]
[Round "1"]
[White "Coraza8091"]
[Black "Cal"]
[WhiteElo "1710"]
[BlackElo "1289"]
[Result "0-1"]
[Round "1"]
1.e4 e5
2.Bf1c4 Ng8f6
3.Nb1c3 a6
4.Ng1f3 d6
5.Nf3g5 Bc8e6
6.Bc4xe6 fxe6
7.Ng5xe6 Qd8e7
8.Ne6g5 Nb8d7
9.d4 exd4
10.Qd1xd4 h6
11.Ng5f3 b5
12.Nf3h4 Qe7f7
13.O-O Bf8e7
14.Nc3d5 c5
15.Qd4d2 Nf6xd5
16.Nh4f3 Nd5f6
17.Rf1e1 O-O
18.e5 dxe5
19.b3 e4
20.Nf3h4 Nd7e5
21.Bc1b2 Nf6g4
22.Bb2xe5 Be7xh4
23.g3 Bh4g5
24.Qd2e2 Ng4xe5
25.f4 Bg5xf4
26.gxf4 Qf7xf4
27.Re1f1 Qf4g5
28.Kh1 Ne5f3
29.Rf1f2 Ra8e8
30.Rf2g2 Qg5f4
31.Ra1g1 Nf3xg1
32.Kxg1 e3
33.Rg2g4 Qf4f2
34.Qe2xf2 exf2
35.Kf1 Re8e1
{ resign }
0-1

[Event "Tourn. n8517"]
[Site "www.chess-mail.com"]
[Date "2016.02.05"]
[Round "1"]
[White "Tartan"]
[Black "Lino"]
[WhiteElo "2400"]
[BlackElo "2350"]
[Result "1-0"]
[Round "1"]
1.e4 c5
2.Ng1f3 Nb8c6
3.d4 cxd4
4.Nf3xd4 Ng8f6
5.Nb1c3 e5
6.Nd4b5 d6
7.Bc1g5 a6
8.Nb5a3 b5
9.Nc3d5 Bf8e7
10.Bg5xf6 Be7xf6
11.c3 Bf6g5
12.Na3c2 Nc6e7
13.Nc2b4 O-O
14.a4 bxa4
15.Ra1xa4 a5
16.Nd5xe7 Qd8xe7
17.Bf1c4 Bc8d7
18.Nb4d5 Qe7d8
19.Ra4a3 a4
20.O-O  { time }
1-0

[Event "Tourn. n8569"]
[Site "www.chess-mail.com"]
[Date "2016.02.05"]
[Round "1"]
[White "Seger"]
[Black "Karpawn"]
[WhiteElo "2770"]
[BlackElo "2240"]
[Result "1-0"]
[Round "1"]
1.e4 c5
2.Ng1f3 d6
3.d4 cxd4
4.Nf3xd4 Ng8f6
5.Nb1c3 g6
6.Bc1e3 Bf8g7
7.f3 O-O
8.Qd1d2 Nb8c6
9.O-O-O d5
10.Qd2e1 e6
11.h4 Qd8c7
12.Nd4b5 Qc7a5
13.h5 dxe4
14.hxg6 fxg6
15.Bf1e2 a6
16.Nb5d6 Nf6d5
17.Nc3xd5 Qa5xa2
18.Nd5c3 Qa2a1
19.Kd2 Qa1xb2
20.Nd6xe4 Rf8d8
21.Be2d3 Bg7xc3
22.Ne4xc3  { time }
1-0

[Event "Tourn. n8594"]
[Site "www.chess-mail.com"]
[Date "2016.02.05"]
[Round "1"]
[White "Xkafi"]
[Black "Bojan"]
[WhiteElo "1930"]
[BlackElo "2040"]
[Result "1-0"]
[Round "1"]
1.e4 g6
2.d4 Bf8g7
3.Bc1g5 d6
4.Ng1f3 f6
5.Bg5h4 c6
6.e5 dxe5
7.Nb1c3 exd4
8.Nf3xd4 Ng8h6
9.Bf1c4 Nh6f5
10.Nd4xf5 Qd8xd1
11.Ra1xd1 Bc8xf5
12.Bc4b3 Nb8a6
13.Nc3a4 b5
14.Na4c3 Na6c5
15.Rd1d2 Nc5xb3
16.axb3 Kf7
17.O-O Rh8d8
18.Rd2e2 b4
19.Nc3a4 Rd8d4
20.Bh4g3 Ra8d8
21.h3 e5
22.Na4c5 Rd8d5
23.Nc5d3 e4
24.Nd3f4 Rd5a5
25.c3 bxc3
26.bxc3 Rd4d6
27.Nf4xg6 Rd6d3
28.Ng6h4 Bf5e6
29.b4 Ra5a4
30.Re2xe4 Rd3xc3
31.Nh4f3 Be6d5
32.Re4f4 Bg7f8
33.Rf1b1 Bd5c4
34.Nf3e5 Ke6
35.Ne5xc4 c5
36.Rb1e1 Kf7
37.Nc4e5 Kg8
38.Rf4g4 Bf8g7
39.Ne5c6 h5
40.Re1e8 Kf7
41.Re8e7 Kf8
42.Rg4xg7 cxb4
43.Nc6d4 Ra4a6
44.Rg7h7 { resign }
1-0

[Event "Tourn. n8594"]
[Site "www.chess-mail.com"]
[Date "2016.02.05"]
[Round "1"]
[White "Piekki"]
[Black "Bojan"]
[WhiteElo "1860"]
[BlackElo "2040"]
[Result "1-0"]
[Round "1"]
1.e4 g6
2.d4 Bf8g7
3.Bc1e3 d6
4.Bf1c4 e5
5.Ng1f3 Nb8d7
6.Nb1c3 Nd7b6
7.Bc4b3 Qd8e7
8.Qd1d2 h6
9.O-O-O Bc8g4
10.Kb1 exd4
11.Be3xd4 Ng8f6
12.Rh1e1 O-O-O
13.Nc3d5 Nb6xd5
14.exd5 Nf6e4
15.Re1xe4 Qe7xe4
16.Rd1e1 Qe4f5
17.Bd4xg7 Rh8g8
18.Nf3d4 Qf5d7
19.Bg7xh6 c5
20.Nd4e2 Rg8h8
21.f3 Bg4f5
22.g4 Bf5xg4
23.fxg4 Qd7xg4
24.Bh6f4 f6
25.Re1g1 Qg4h5
26.Qd2d3 g5
27.Bf4g3 Rh8e8
28.Bb3c4 Kc7
29.Ne2c3 a6
30.a4 Re8e7
31.Nc3e4 Qh5g6
32.Ne4xc5 Qg6xd3
33.Bc4xd3 Kb6
34.Nc5e6 Ka5
35.Bg3f2 Kxa4
36.Bf2e1 b5
37.b3 Ka3
38.Be1c3 Rd8c8
39.Bc3b2 { resign }
1-0

[Event "Tourn. n8570"]
[Site "www.chess-mail.com"]
[Date "2016.02.05"]
[Round "1"]
[White "Bigrezi"]
[Black "Gatrooper"]
[WhiteElo "1760"]
[BlackElo "1690"]
[Result "0-1"]
[Round "1"]
1.e4 e5
2.Ng1f3 Nb8c6
3.Bf1b5 a6
4.Bb5a4 h6
5.d4 exd4
6.Nf3xd4 Nc6xd4
7.Qd1xd4 b5
8.Ba4b3 d6
9.O-O Bc8e6
10.Nb1d2 c5
11.Qd4e3 Ng8f6
12.c3 Nf6g4
13.Qe3f4 Be6xb3
14.Nd2xb3 Ng4f6
15.Bc1e3 Qd8e7
16.f3 Nf6h5
17.Qf4g4 Nh5f6
18.Qg4g3 h5
19.Nb3d2 O-O-O
20.a4 bxa4
21.Ra1xa4 Qe7b7
22.b3 g6
23.Be3g5 Bf8e7
24.Rf1a1 h4
25.Bg5xh4 Rh8g8
26.Bh4xf6 Be7xf6
27.f4 Kd7
28.Ra4xa6 Ke8
29.Ra6a7 Qb7b5
30.c4 Qb5b4
31.Qg3e3 Bf6d4
{ resign }
0-1

[Event "Tourn. n8606"]
[Site "www.chess-mail.com"]
[Date "2016.02.05"]
[Round "1"]
[White "Cathar"]
[Black "Elogic"]
[WhiteElo "2280"]
[BlackElo "2200"]
[Result "1-0"]
[Round "1"]
1.e4 e5
2.Ng1f3 Nb8c6
3.Bf1b5 Ng8e7
4.O-O d6
5.d4 exd4
6.Nf3xd4 Bc8d7
7.Nb1c3 Nc6xd4
8.Qd1xd4 Bd7xb5
9.Nc3xb5 Ne7c6
10.Qd4c3 a6
11.Nb5d4 Nc6xd4
12.Qc3xd4 c5
13.Qd4c3 b5
14.Bc1f4 a5
15.Ra1d1 b4
16.Qc3g3 Ra8a6
17.Rd1d5 g6
18.Rf1d1 Qd8f6
19.e5 Qf6f5
20.exd6 Qf5xc2
21.d7 { resign }
1-0

[Event "Tourn. n8508"]
[Site "www.chess-mail.com"]
[Date "2016.02.05"]
[Round "1"]
[White "Kevinking"]
[Black "Easychess"]
[WhiteElo "1819"]
[BlackElo "1600"]
[Result "1/2-1/2"]
[Round "1"]
1.d4 d5
2.c4 e6
3.Nb1c3 c5
4.cxd5 cxd4
5.Qd1xd4 Nb8c6
6.Qd4d1 exd5
7.Ng1f3 Bf8b4
8.Bc1d2 Ng8f6
9.g3 O-O
10.Bf1g2 Bb4xc3
11.Bd2xc3 Nf6e4
12.Bc3d4 Bc8e6
13.O-O Qd8d7
14.a3 Ra8c8
15.b4 a6
16.Ra1c1 Nc6xd4
17.Nf3xd4 Ne4f6
18.Qd1b3 Nf6e4
19.Rf1d1 Rc8xc1
20.Rd1xc1 Rf8c8
21.Rc1xc8 Qd7xc8
22.e3 Qc8c1
23.Bg2f1 Ne4d2
{ draw }
1/2-1/2

[Event "Tourn. n8545"]
[Site "www.chess-mail.com"]
[Date "2016.02.05"]
[Round "1"]
[White "Azulmarino"]
[Black "Gatrooper"]
[WhiteElo "1700"]
[BlackElo "1580"]
[Result "0-1"]
[Round "1"]
1.e4 e5
2.Ng1f3 Nb8c6
3.Bf1c4 d6
4.Nf3xe5 Nc6xe5
5.d3 Bc8e6
6.Bc4xe6 fxe6
7.Bc1f4 Ne5g6
8.Nb1c3 Ng6xf4
9.Nc3b5 Nf4xg2
10.Kf1 Ng2f4
11.Qd1f3 e5
12.Nb5c3 Qd8d7
13.Nc3d5 Nf4xd5
14.exd5 Ng8f6
15.Ra1e1 O-O-O
16.Qf3e3 Nf6xd5
17.Qe3xa7 Qd7c6
18.c4 Nd5b6
19.Rh1g1 Kd7
20.Qa7a3 Rd8a8
21.Qa3c3 Nb6a4
22.Qc3c1 Bf8e7
23.b3 Na4c5
24.Re1d1 Rh8f8
25.Qc1g5 Be7xg5
26.Rg1xg5 Nc5e6
27.Rg5h5 Ra8xa2
28.Rh5xh7 Qc6h1
{ resign }
0-1

[Event "Tourn. n8602"]
[Site "www.chess-mail.com"]
[Date "2016.02.05"]
[Round "1"]
[White "Starwind"]
[Black "Elogic"]
[WhiteElo "2330"]
[BlackElo "2200"]
[Result "1-0"]
[Round "1"]
1.d4 Ng8f6
2.c4 c5
3.d5 e6
4.Nb1c3 d6
5.Ng1f3 a6
6.e4 Bf8e7
7.Bf1e2 Bc8d7
8.O-O exd5
9.exd5 Bd7f5
10.h3 Nb8d7
11.Rf1e1 O-O
12.Nf3h4 g6
13.Nh4xf5 gxf5
14.Qd1c2 Nf6e4
15.Be2d3 Ne4xf2
16.Qc2xf2 Be7h4
17.Qf2xf5 Nd7f6
18.Nc3e4 Rf8e8
19.Ne4xf6 Qd8xf6
20.Qf5xh7 Kf8
21.Bc1h6 { resign }
1-0

[Event "Tourn. n8591"]
[Site "www.chess-mail.com"]
[Date "2016.02.05"]
[Round "1"]
[White "Llcervello"]
[Black "Caspito"]
[WhiteElo "1640"]
[BlackElo "1700"]
[Result "0-1"]
[Round "1"]
1.e4 e5
2.f3 c6
3.c3 d5
4.Bf1d3 Bf8c5
5.Ng1e2 Qd8h4
6.Ne2g3 Ng8f6
7.Qd1e2 d4
8.c4 Nf6h5
9.Qe2f2 Nh5f4
10.Bd3e2 Nb8a6
11.O-O d3
12.Ng3f5 Qh4xf2
13.Rf1xf2 Nf4xe2
14.Kf1 Bc5xf2
15.Kxf2 Ne2xc1
16.Nf5xg7 Kf8
17.Ng7f5 Bc8xf5
18.exf5 Nc1e2
19.g4 Na6b4
20.Nb1a3 a6
21.Na3b1 Nb4c2
{ resign }
0-1

[Event "Tourn. n8614"]
[Site "www.chess-mail.com"]
[Date "2016.02.05"]
[Round "1"]
[White "Estonia"]
[Black "Mrfunk"]
[WhiteElo "1970"]
[BlackElo "1989"]
[Result "0-1"]
[Round "1"]
1.c4 e5
2.Nb1c3 Ng8f6
3.d3 Nb8c6
4.e4 Bf8c5
5.Ng1f3 Nf6g4
6.Bc1e3 Ng4xe3
7.fxe3 Bc5xe3
8.Nc3d5 Be3c5
9.a3 Nc6d4
10.b4 Nd4xf3
11.Qd1xf3 Bc5d4
12.O-O-O b5
13.Bf1e2 a5
14.Rh1f1 O-O
15.cxb5 axb4
16.Nd5xb4 Ra8xa3
17.Rd1d2 c5
18.Rd2a2 cxb4
19.Ra2c2 b3
{ resign }
0-1

[Event "Tourn. n8544"]
[Site "www.chess-mail.com"]
[Date "2016.02.05"]
[Round "1"]
[White "Roque1"]
[Black "Crull"]
[WhiteElo "1750"]
[BlackElo "1600"]
[Result "1-0"]
[Round "1"]
1.e4 c5
2.Ng1f3 d6
3.Bf1b5 Bc8d7
4.Nb1c3 e5
5.Bb5xd7 Nb8xd7
6.d3 Bf8e7
7.O-O Ng8f6
8.Bc1g5 O-O
9.Qd1d2 Qd8b6
10.b3 h6
11.Bg5h4 Qb6c6
12.a4 a6
13.Bh4xf6 Nd7xf6
14.Nc3e2 b5
15.c4 b4
16.Ne2g3 a5
17.Ng3f5 Be7d8
18.Nf3h4 Nf6h7
19.f4 f6
20.Rf1f3 Rf8f7
21.Rf3g3 Ra8a7
22.Nf5xh6 Kf8
23.Nh6xf7 Kxf7
24.Ra1f1 f5
25.fxe5 dxe5
26.Nh4xf5 Bd8f6
27.Nf5xg7 Ke7
28.Qd2h6 Kd8
29.Qh6xh7 Bf6xg7
30.Rg3xg7 Ra7xg7
31.Rf1f8 Kc7
32.Qh7xg7 { resign }
1-0

[Event "Match"]
[Site "www.echecsemail.com"]
[Date "2016.02.05"]
[Round "1"]
[White "Silent1"]
[Black "Starwind"]
[WhiteElo "1800"]
[BlackElo "1809"]
[Result "0-1"]
[Round "1"]
1.d4 Ng8f6
2.c4 g6
3.Nb1c3 Bf8g7
4.e3 O-O
5.Ng1f3 d5
6.Bf1d3 c5
7.cxd5 cxd4
8.Nf3xd4 Nf6xd5
9.Nc3xd5 Qd8xd5
10.O-O Nb8c6
11.Qd1b3 Qd5xb3
12.Nd4xb3 Rf8d8
13.Bd3e2 a5
14.Be2f3 a4
15.Nb3c5 Ra8a5
16.Nc5e4 f5
17.Ne4c3 a3
18.Bf3xc6 bxc6
19.h3 Bc8a6
20.Rf1d1 Rd8xd1
21.Nc3xd1 Ra5d5
22.Nd1c3 Rd5d8
23.Kh2 Rd8b8
24.Nc3d1 Ba6e2
25.Nd1c3 axb2
26.Bc1xb2 Rb8xb2
27.Nc3xe2 Rb2xe2
28.Kg3 Bg7xa1
{ resign }
0-1

[Event "Match"]
[Site "www.echecsemail.com"]
[Date "2016.02.05"]
[Round "1"]
[White "Potemkine"]
[Black "Cal"]
[WhiteElo "1499"]
[BlackElo "1580"]
[Result "1-0"]
[Round "1"]
1.d4 d5
2.e3 a6
3.Ng1f3 Nb8c6
4.Bf1d3 h6
5.Nb1d2 b5
6.c3 Ng8f6
7.b4 e6
8.a3 Bf8d6
9.a4 Nc6e7
10.axb5 Bc8b7
11.bxa6 Bb7c6
12.b5 Bc6d7
13.c4 dxc4
14.Nd2xc4 Bd6b4
15.Bc1d2 Bb4xd2
16.Kxd2 O-O
17.Nf3e5 Bd7xb5
18.a7 Ne7d5
19.Qd1b3 Bb5xc4
20.Bd3xc4 Nf6e4
21.Ke2 Qd8d6
22.f3 Ne4g5
23.e4 Nd5f4
24.Kf2 Qd6xd4
25.Qb3e3 Qd4xe5
26.h4 Ng5h7
27.g3 Qe5b2
28.Bc4e2 Nf4xe2
29.Rh1b1 Ne2c3
30.Rb1xb2 Nh7f6
31.Qe3xc3 Rf8c8
32.Qc3c6 Nf6e8
33.h5 Ne8d6
34.g4 f6
35.Qc6d7 Nd6c4
36.Rb2b7 Nc4e5
37.Qd7xe6 Kf8
38.Ke3 Rc8e8
39.Qe6b3 c5
40.Qb3a3 Ne5c4
41.Ke2 Nc4xa3
42.Ra1xa3 Re8e7
43.Rb7b5 Re7c7
44.Rb5b8 Rc7c8
45.Rb8xc8 Ra8xc8
46.a8Q Rc8xa8
47.Ra3xa8 Kf7
48.Ra8c8 g6
49.Rc8xc5 Ke6
50.hxg6 { resign }
1-0